Roman history for dummies - Statistics

General Stats
  • This quiz has been taken 26 times
  • The average score is 4 of 10
Answer Stats
Hint Answer % Correct
Who was the first roman emperor? Augustus
100%
Who converted the empire to Christianity? Constantine
72%
Who was emperor during the great fire of Rome? Nero
68%
What lawmaking body of noble contain several ranks of office? Senate
60%
Were was Hadrian's wall UK
40%
Who extended the empire to its greatest extent? Trajan
32%
Who divided the empire into four parts? Diocletian
28%
Who was given the title, "Restorer of the World"? Aurelian
16%
Who conquered Gaul, before making themself a dictator? Julius Ceaser
12%
What were the two main groups of people that were divided by ancestry? Patricians and Plebians
8%
No matching quizzes found
Score Distribution
Percent of People with Each Score
Percentile by Number Answered
Your Score History
You have not taken this quiz